000 00413nam a2200145Ia 4500
008 100204s9999 xx 000 0 und d
082 _b23296
100 _aपै शिरिष
245 _aकोलाज
260 _b"मेहता पब्लिशिंग हाऊस , पुणे"
_c1998
300 _a132
630 _aकोलाज
730 _aकोलाज
942 _cBOOK
999 _c468406
_d468403